000 00726nam a2200217Ia 4500
003 GCL
005 20240530102053.0
008 140319s9999 xx 000 0 ara d
040 _aGCL /
_cGCL
082 0 4 _a245.8
_bج ن
100 1 _aجلال محمد عبدالحليم موسى
245 1 0 _aنشاة الاشعرية وتطورها /
_cجلال محمد عبدالحليم موسى
260 _aبيروت :
_bدار الكتاب اللبنانى ،
_c1982
300 _a470 ص ؛
_c24 سم
650 0 4 _aالتاريخ الاسلامى
650 0 4 _aالفرق الاسلامية
650 0 4 _aالمذاهب الاسلامية
650 0 4 _aالمعتزلة
650 0 4 _aالاشعرية
942 _2ddc
_cBK
999 _c29586
_d29586